000
00226nam a22001097a 4500
082
_a
621.902 HIN'M
100
_a
HINE, C. R
_9
79113
245
_a
MACHINE
260
_a
TOKYO
_b
MCGRAW HILL
_c
1971
300
_a
616P
942
_c
BK
999
_c
584178
_d
584178